00368nam a22001337a 450000500170000000800410001704100120005808200120007010000130008224500350009526000480013030000300017865000260020820240724094321.0240724b |||||||| |||| 00| 0 eng d aEnglish a349 SOU lEnglish  aThe South African Law Reports  aCape Town : bJuta and Company Ltd, c1917  bxiv, 755 pages; c25 cm.  aLegal practice bLaw